Bands with same word in names - Statistics

General Stats
  • This quiz has been taken 43 times
  • The average score is 8 of 15
Answer Stats
Hint Answer % Correct
____ Sabbath , ____ Label Society, ____ Dahlia Murder Black
100%
Motor___, Machine ____, Mushroom____, Radio____, Medicine _____ Head
97%
__ Chemical Romance, Bullet For __ Valentine My
89%
Baby___, ___llica Metal
84%
__ Leppad, __tones Def
82%
____ Kennedys, Grateful ____ Dead
79%
____ Wind and Fire, ____ Crisis Earth
79%
____ Fetus, As I Lay ____ Dying
42%
King ____, ____ Glory, ____ Thorn Crimson
37%
___throne, ___ Funeral Dark
29%
____ On The Dance Floor, ____ywood Blood
26%
____ Weaponry, ____ Fucker Alien
16%
___snake, ___whore, ___lord Goat
13%
Guttural ___, ___dge Slug
13%
____s In Your Mouth, ZOMBIE____!, ____fucker, Red____ Shark
3%
No matching quizzes found
Score Distribution
Percent of People with Each Score
Percentile by Number Answered
Your Score History
You have not taken this quiz